Сущность экологического образования как основы социально-экологической защиты; Философия социальной работы

Bibliografski detalji
Parent link:Философия социальной работы.— 2003.— С. 134-137
Glavni autor: Лисицина О. А.
Jezik:ruski
Izdano: 2003
Teme:
Format: Poglavlje knjige
KOHA link:https://koha.lib.tpu.ru/cgi-bin/koha/opac-detail.pl?biblionumber=107079

MARC

LEADER 00000naa2a2200000 4500
001 107079
005 20231031115131.0
035 |a (RuTPU)RU\TPU\book\115619 
090 |a 107079 
100 |a 20061218d2003 k y0rusy50 ca 
101 0 |a rus 
102 |a RU 
200 1 |a Сущность экологического образования как основы социально-экологической защиты  |f О. А. Лисицина 
463 0 |0 (RuTPU)RU\TPU\book\62267  |t Философия социальной работы  |o труды II региональной научно-практической конференции, г. Томск  |f Томский политехнический университет; Под ред. А. А. Корниенко  |v С. 134-137  |d 2003  |p 148 с. 
610 1 |a экологическое образование 
610 1 |a экологическая защита 
610 1 |a философия 
610 1 |a сложные системы 
610 1 |a пространство 
610 1 |a структура 
610 1 |a риск-рефлексия 
610 1 |a труды учёных ТПУ 
700 1 |a Лисицина  |b О. А. 
801 1 |a RU  |b 63413507  |c 20061218  |g PSBO 
801 2 |a RU  |b 63413507  |c 20110119  |g RCR 
942 |c BK